| 000 | 00986nam2a22002531 4500 | ||
|---|---|---|---|
| 001 | RU\NLR\INFOCOMM55\1000083690 | ||
| 005 | 20250617131619.0 | ||
| 035 | _a(NLR Aleph) 002623771 | ||
| 090 |
_a3638062 _c3638062 |
||
| 100 | _a20040825d1891 |||y0rusy50 ca | ||
| 101 | 0 | _arus | |
| 102 | _aRU | ||
| 105 | _ay ||||000 y | ||
| 200 | 1 |
_aФеодосий о местоположении святой земли начала VI века _fФеодосий, диакон |
|
| 210 |
_d1891 _aБ. м. |
||
| 461 | 0 |
_1001RU\NLR\INFOCOMM55\1000083632 _12001#$aПравославный Палестинский сборник$vТ.10, вып.1(28) _93637811 _cСПб. _d1881 - _nВ.Н. Хитрово _tПравославный Палестинский сборник _vТ.10, вып.1(28) |
|
| 700 | 0 |
_aФеодосий _cдиакон _4070 |
|
| 801 | 1 |
_aRU _bInfoComm _c20040825 |
|
| 801 | 0 |
_aRU _bNLR _gPSBO |
|
| 852 |
_aNLR _j18.311.1.9 |
||
| 942 | _cISSUE | ||
| 980 | _aNB | ||
| 980 | _aRUSPER | ||